00620 a2200181 4500020001500000020001800015082001400033090001300047100002500060245010500085250001200190260003600202300002100238700002200259942002700281999001900308952011100327 a0534370144 a978053437014504a620.00151 c568d5681 aSchilling, Robert J.10aApplied numerical methods for engineers using matlab and c /cRobert J. Schilling, Sandra L Harris. a1st ed. a[S.l.] :bCL-Engineering,c2000 a740 p. ;c25 cm.1 aHarris, Sandra L. aSNScBKk620.00151 SCH c330362d330362 00102ddc40708NFICaIESEbIESEcGENd2017-06-22l0o620.00151 SCHpIESE-971r2017-06-22w2017-06-22yBK